|
|
|
|
| LEADER |
01169cam a2200289 7i4500 |
| 001 |
0000037384 |
| 005 |
20230112090000.0 |
| 007 |
##ta |
| 008 |
230112s2022 my eng |
| 040 |
# |
# |
|a MATR
|
| 090 |
0 |
# |
|a M 333.7511025
|b TIM
|
| 110 |
2 |
# |
|a Malaysia
|
| 245 |
0 |
0 |
|a THE TIMBER EXPORTERS? ASSOCIATION OF MALAYSIA = PERSATUAN PENGEKSPORT KAYU MALAYSIA :
|b 2022-2024 DIRECTORY.
|
| 264 |
# |
1 |
|a Cheras, Kuala Lumpur:
|b The Timber Exporters' Association of Malaysia.
|
| 300 |
# |
# |
|a 175 pages:
|b illustrations;
|c 21 cm.
|
| 336 |
# |
# |
|a text
|2 rdacontent
|
| 337 |
# |
# |
|a unmediated
|2 rdamedia
|
| 338 |
# |
# |
|a volume
|2 rdacarrier
|
| 650 |
# |
0 |
|a Timber --
|x Exporters --
|z Malaysia
|
| 650 |
# |
0 |
|a Timber --
|z Malaysia
|
| 999 |
|
|
|a 0000042000
|b Book
|c Book
|e Business Information Centre
|
| 999 |
|
|
|a 0000042001
|b Book
|c Book
|e Business Information Centre
|
| 999 |
|
|
|a JHR000487H
|b Book
|c Book
|e Business Information Centre
|
| 999 |
|
|
|a PNG001195H
|b Book
|c Book
|e Business Information Centre
|
| 999 |
|
|
|a SBH001165H
|b Book
|c Book
|e Business Information Centre
|
| 999 |
|
|
|a SRW000590H
|b Book
|c Book
|e Business Information Centre
|
| 999 |
|
|
|a TRG000475H
|b Book
|c Book
|e Business Information Centre
|